Campeões do Campeonato Pernambucano de Futebol - Statistics

Estatísticas Gerais
  • Esse quiz foi jogado 262 vezes
  • A pontuação média é 97 de 107
Estatísticas das Respostas
Hint Resposta % Correto
1934 | 1939 | 1945 | +20 others Náutico
98%
1916 | 1917 | 1920 | +39 others Sport
98%
1931 | 1932 | 1933 | +26 others Santa Cruz
97%
2020 Salgueiro
76%
1918 | 1919 | 1921 | +3 others América
54%
1915 Flamengo
32%
1926 | 1929 | 1930 Torre
14%
1936 | 1937 Tramways
12%
Nenhum quiz correspondente encontrado
Distribuição das Pontuações
Porcentagem de Pessoas com Cada Pontuação
Percentil de Números Respondidos
Sua Pontuação Histórica
Você não jogou esse quiz